[Event "FIDE Grand Swiss 2021"]
[Site "Riga"]
[Date "03.11.2021"]
[Round "7"]
[White "Adhiban, Baskaran"]
[Black "Georgiev, Kiril"]
[Result "1/2-1/2"]
[WhiteElo "2672"]
[BlackElo "2577"]

1. d4 Nf6 2. c4 e6 3. Nc3 d5 4. Bg5 Be7 5. cxd5 Nxd5 6. Bxe7 Qxe7 7. Nf3
O-O 8. e3 Nf6 9. Be2 c5 10. O-O Nc6 11. Ne5 Rd8 12. Nxc6 bxc6 13. Qa4 cxd4
14. exd4 Rb8 15. Rab1 c5 16. dxc5 Qxc5 17. Bf3 Bb7 18. Bxb7 Rxb7 19. Rfd1
Rdb8 20. Ne4 Nxe4 21. Qxe4 g6 22. b3 Rc7 23. Rd2 Qc3 24. Qe2 Rbc8 25. Rbd1
Qf6 26. h3 h5 27. g3 Kg7 28. h4 Rc5 29. Kg2 a5 30. Rd4 Rc2 31. R1d2 Rxa2
32. Rxa2 Qxd4 33. Rxa5 Rc3 34. Rb5 Kf6 35. Kh2 e5 36. b4 e4 37. Qb2 Rd3 38.
Rb6+ Kg7 39. Qxd4+ Rxd4 40. Kg2 Rd2 41. Kf1 Rb2 42. b5 f6 43. Rb7+ Kh6 44.
Rf7 Rb1+ 45. Ke2 Rb2+ 46. Ke3 Rb3+ 47. Kd4 Rxb5 48. Rxf6 Kg7 49. Rf4 Rb4+
50. Ke5 Ra4 51. Rxe4 Ra5+ 52. Ke6 Ra6+ 53. Kd5 Ra2 54. Rf4 Re2 55. Kd4 Kg8
56. f3 Kg7 57. Re4 Rg2 58. Ke3 Kf6 59. Rf4+ Kg7 60. Rd4 Ra2 61. Kf4 Ra5 62.
Ke4 Ra3 63. Rd5 Kf6 64. Rd6+ Kg7 65. Kf4 Ra5 66. Re6 Rf5+ 67. Ke4 Ra5 68.
Rd6 Ra3 69. Rd3 Ra5 70. Rd5 Ra3 71. Kf4 Kf6 72. Rd6+ Kg7 73. Re6 Kf7 74.
Re3 Ra5 75. Re5 Ra3 76. g4 hxg4 77. fxg4 Ra7 78. Re4 Ra5 79. g5 Rf5+ 80.
Kg4 Ra5 81. Rf4+ Kg7 82. Rd4 Ra7 83. Kf4 Re7 84. Re4 Ra7 85. Ke5 Ra1 86.
Rd4 Re1+ 87. Kd6 Kf7 88. Rf4+ Kg7 89. Kd5 Ra1 90. Rc4 Rd1+ 91. Ke4 Re1+ 92.
Kd3 Rd1+ 93. Ke3 Re1+ 94. Kd2 Rh1 95. Re4 Rh3 96. Ke2 Kf7 97. Kf2 Ra3 98.
Re3 Ra4 99. Kg3 Rb4 100. Rf3+ Kg7 101. Rf4 Rb3+ 102. Kg4 Rb1 103. Rd4 Rf1
104. Rd7+ Kg8 105. Re7 Kf8 106. Rc7 Kg8 107. Rc3 Kg7 108. Rd3 Rg1+ 109. Kf4
Rh1 110. Rd7+ Kg8 111. Ke5 Rf1 112. Rd8+ Kg7 113. Rd7+ Kg8 114. Ke6 Rf4
115. Ke5 Rf5+ 116. Ke6 Rf4 117. Rc7 Rf1 118. Rc8+ Kg7 119. Rc7+ Kg8 120.
Rc8+ Kg7 1/2-1/2

[Event "FIDE Grand Swiss 2021"]
[Site "Riga"]
[Date "03.11.2021"]
[Round "7"]
[White "Van Foreest, Lucas"]
[Black "Cheparinov, Ivan"]
[Result "1/2-1/2"]
[WhiteElo "2543"]
[BlackElo "2659"]

1. e4 e5 2. Nf3 Nc6 3. Bc4 Nf6 4. d3 Bc5 5. O-O d6 6. c3 O-O 7. Re1 a5 8.
Nbd2 Ng4 9. Re2 Kh8 10. h3 Nh6 11. g4 Be6 12. Nf1 d5 13. exd5 Bxd5 14. Nxe5
Nxg4 15. Bxd5 Ncxe5 16. Bg2 Nxf2 17. Rxf2 Nxd3 18. Be3 Bxe3 19. Nxe3 Nxf2
20. Kxf2 Qh4+ 21. Kg1 f5 22. Qf3 Rae8 23. Rf1 Qg5 24. Nd5 c6 25. Nf4 Qe7
26. Qf2 Qd6 27. Ne2 Re5 28. Nd4 f4 29. Qh4 Re3 30. Kh1 Qf6 31. Qg4 g6 32.
Qd1 Rfe8 33. Qa4 Re1 34. Nf3 Rxf1+ 35. Bxf1 b6 36. Qc4 g5 37. Qa6 h5 38.
Qxb6 g4 39. Qxa5 Qg6 40. Nh4 Qe4+ 41. Kg1 Qe3+ 42. Kh1 Qe4+ 43. Kg1 Qe3+
1/2-1/2

[Event "FIDE Grand Swiss 2021"]
[Site "Riga"]
[Date "03.11.2021"]
[Round "7"]
[White "Neiksans, Arturs"]
[Black "Rakhmanov, Aleksandr"]
[Result "1/2-1/2"]
[WhiteElo "2570"]
[BlackElo "2657"]

1. e4 e5 2. Nf3 Nf6 3. Nxe5 d6 4. Nf3 Nxe4 5. Nc3 Nf6 6. d4 Be7 7. h3 O-O
8. Bd3 Re8 9. O-O h6 10. Bf4 Bf8 11. Re1 Rxe1+ 12. Qxe1 Be6 13. Qe2 Nc6 14.
a3 Ne7 15. Re1 c6 16. Ne4 Nxe4 17. Qxe4 Ng6 18. Bg3 Qf6 19. Nh4 d5 20. Qf3
Qxf3 21. Nxf3 Ne7 22. Bd6 Nf5 23. Bxf8 Kxf8 24. c3 Nd6 25. Ne5 Re8 26. Kf1
g5 27. Nf3 Kg7 28. g4 f6 29. Kg2 Bd7 30. Rxe8 Bxe8 31. Nd2 1/2-1/2

[Event "FIDE Grand Swiss 2021"]
[Site "Riga"]
[Date "03.11.2021"]
[Round "7"]
[White "Paravyan, David"]
[Black "Goryachkina, Aleksandra"]
[Result "1/2-1/2"]
[WhiteElo "2642"]
[BlackElo "2602"]

1. e4 e5 2. Nf3 Nc6 3. Bc4 Bc5 4. O-O Nf6 5. d3 h6 6. c3 d6 7. Bb3 O-O 8.
h3 a5 9. Be3 Re8 10. Bxc5 dxc5 11. Na3 Bd7 12. Re1 Nh5 13. d4 cxd4 14. cxd4
exd4 15. Nb5 Be6 16. Nfxd4 Nxd4 17. Nxd4 Bxb3 18. Nxb3 Nf4 19. Qg4 Ne6 20.
Rad1 Qg5 21. Qxg5 hxg5 22. Nd4 Nxd4 23. Rxd4 Rad8 24. Red1 Rxd4 25. Rxd4 f6
26. Rd7 Rxe4 27. Rxc7 b5 28. Kf1 Ra4 29. a3 b4 30. axb4 Rxb4 31. Ra7 Rxb2
1/2-1/2

[Event "FIDE Grand Swiss 2021"]
[Site "Riga"]
[Date "03.11.2021"]
[Round "7"]
[White "Durarbayli, Vasif"]
[Black "Bjerre, Jonas Buhl"]
[Result "1-0"]
[WhiteElo "2629"]
[BlackElo "2569"]

1. e4 c5 2. Nf3 d6 3. d4 cxd4 4. Nxd4 Nf6 5. Nc3 a6 6. h4 e5 7. Nf5 d5 8.
Qf3 d4 9. Nd5 Nxd5 10. exd5 Bxf5 11. Qxf5 Nd7 12. c3 Qf6 13. Qxf6 Nxf6 14.
cxd4 Bb4+ 15. Ke2 exd4 16. a3 Ba5 17. d6 d3+ 18. Kxd3 Ng4 19. Ke2 O-O-O 20.
Bf4 Rhe8+ 21. Kf3 Ne5+ 22. Kg3 Rxd6 23. Rc1+ Bc7 24. Be2 Rd4 25. Rc2 Nc6
26. Bg4+ Kb8 27. Bxc7+ Kxc7 28. Rd1 Rxd1 29. Bxd1 Rd8 30. Bh5 Rd3+ 31. Kf4
Rd4+ 32. Ke3 Rxh4 33. Bxf7 Kd6 34. Rd2+ Ke7 35. Bd5 Rh6 36. f4 Rd6 37. Ke4
Nb8 38. Rc2 b6 39. Rc7+ Kf6 40. Rf7+ Kg6 41. f5+ Kh6 42. Ke5 Rd8 43. Ke6 a5
44. Rb7 Rf8 45. Ke7 Rxf5 46. Rxb6+ Kg5 47. Ba8 Re5+ 48. Kd8 1-0

[Event "FIDE Grand Swiss 2021"]
[Site "Riga"]
[Date "03.11.2021"]
[Round "7"]
[White "Vokhidov, Shamsiddin"]
[Black "Sethuraman, S.P."]
[Result "1/2-1/2"]
[WhiteElo "2521"]
[BlackElo "2620"]

1. e4 c5 2. Nf3 d6 3. Bb5+ Nd7 4. d4 cxd4 5. Nxd4 Nf6 6. Bd3 Nc5 7. Nc3 g6
8. f3 Bg7 9. Be3 O-O 10. Be2 a6 11. O-O e6 12. Qd2 b6 13. Rfd1 Qc7 14. Nb3
Rd8 15. e5 Ne8 16. Nxc5 bxc5 17. exd6 Rxd6 18. Qe1 Bb7 19. Qf2 c4 20. Bc5
Rxd1+ 21. Rxd1 Be5 22. g3 Nd6 23. Bb6 Qc6 24. Bd4 Bxd4 25. Qxd4 Nf5 26. Qf2
Qc7 27. Bf1 Rb8 28. Ne4 Bxe4 29. fxe4 Nd6 30. Qd4 Rd8 31. Qe5 Qb6+ 32. Kg2
Rd7 33. Qd4 Qc6 34. Kg1 Rd8 35. Qe5 Kf8 36. Qd4 Ke8 37. c3 Qb5 38. b3 Qg5
39. bxc4 Nb7 40. Qh8+ Ke7 41. Rxd8 Qe3+ 42. Kg2 Qxe4+ 43. Kg1 Nxd8 44. Qxh7
Qe3+ 45. Kg2 Nc6 46. Qh4+ g5 47. Qg4 f5 48. Qf3 Qd2+ 49. Qf2 Qxc3 50. Qc5+
Kd7 51. Kg1 Nd4 52. Qa7+ Ke8 53. Qb8+ Kf7 54. Qc7+ Kf6 55. Qd6 Qe3+ 56. Kh1
Qe4+ 57. Kg1 Qe3+ 58. Kh1 Kg6 59. Qd8 Qe4+ 60. Kg1 Qe3+ 61. Kh1 g4 62. Qg8+
Kf6 63. Qf8+ Ke5 64. Qb8+ Ke4 65. Qb7+ Ke5 66. Qb8+ Kf6 67. Qf8+ Kg6 68.
Qg8+ Kf6 69. Qf8+ Kg6 70. Qg8+ 1/2-1/2

[Event "FIDE Grand Swiss 2021"]
[Site "Riga"]
[Date "03.11.2021"]
[Round "7"]
[White "Jumabayev, Rinat"]
[Black "Morovic Fernandez, Ivan"]
[Result "1/2-1/2"]
[WhiteElo "2658"]
[BlackElo "2510"]

1. c4 c6 2. d4 d5 3. e3 Nf6 4. Nf3 Bg4 5. h3 Bxf3 6. Qxf3 e6 7. Nc3 Nbd7 8.
Qd1 Bd6 9. Be2 O-O 10. O-O dxc4 11. Bxc4 e5 12. dxe5 Nxe5 13. Be2 Qe7 14.
Qc2 Rfe8 15. Bd2 Ned7 16. Rad1 Nc5 17. Bc1 Rad8 18. Bf3 h5 19. h4 g6 20. g3
a5 21. Ne2 Be5 22. Kg2 Ne6 23. Bd2 Qc5 24. Qb3 Rd7 25. Nf4 Bxf4 26. gxf4
Qf5 27. Bc1 Nc5 28. Qc4 Nd3 29. b3 Red8 30. e4 Qc5 31. Qxc5 Nxc5 32. e5 Nd5
33. f5 gxf5 34. Bxh5 Ne6 35. Rg1 Kh7 36. Kh2 Ndf4 37. Rxd7 Rxd7 38. Bxf4
Nxf4 39. Rg5 Kh6 40. Bf3 Rd3 41. Kg3 Ne2+ 42. Kg2 Nf4+ 43. Kg3 Ne2+ 44. Kg2
Nf4+ 1/2-1/2

[Event "FIDE Grand Swiss 2021"]
[Site "Riga"]
[Date "03.11.2021"]
[Round "7"]
[White "Adly, Ahmed"]
[Black "Meshkovs, Nikita"]
[Result "1-0"]
[WhiteElo "2602"]
[BlackElo "2550"]

1. d4 Nf6 2. Nf3 e6 3. g3 b5 4. Bg2 Bb7 5. O-O c5 6. a4 b4 7. c3 d5 8. a5
bxc3 9. Nxc3 Nbd7 10. Qa4 Rc8 11. Ne5 cxd4 12. Nb5 a6 13. Na7 Ra8 14. Nac6
Qc7 15. Bf4 Nc5 16. Qc2 Bxc6 17. Nd3 Qc8 18. Nxc5 Bb5 19. b4 Nd7 20. Rfc1
Nxc5 21. bxc5 Be7 22. Be5 O-O 23. c6 Qe8 24. c7 Rc8 25. Bxd4 Bd6 26. Bb6 f5
27. e3 Bc4 28. Bf1 Bxc7 29. Bxc4 Bxb6 30. axb6 Rxc4 31. Qa2 Qc6 32. Rcb1
Qd6 33. Qxa6 Rc6 34. Qa7 Rcc8 35. Rc1 Rb8 36. Rc7 Qe5 37. Rac1 d4 38. exd4
Qxd4 39. Rd7 Qe5 40. Rcc7 Kh8 41. Rxg7 Qe1+ 42. Kg2 Qe4+ 43. Kh3 1-0

[Event "FIDE Grand Swiss 2021"]
[Site "Riga"]
[Date "03.11.2021"]
[Round "7"]
[White "Budisavljevic, Luka"]
[Black "Gretarsson, Hjorvar Steinn"]
[Result "0-1"]
[WhiteElo "2508"]
[BlackElo "2577"]

1. d4 Nf6 2. c4 e6 3. Nc3 Bb4 4. Qc2 d6 5. e3 O-O 6. Bd3 c5 7. dxc5 dxc5 8.
a3 Bxc3+ 9. Qxc3 Nc6 10. Ne2 e5 11. Ng3 Be6 12. O-O a5 13. b3 a4 14. Bb2
Qa5 15. Qc2 Rfd8 16. Rac1 axb3 17. Qxb3 b5 18. Qc2 bxc4 19. Be4 Rd2 20. Qc3
Nxe4 21. Nxe4 Qxc3 22. Bxc3 Rd5 23. Bb2 Bf5 24. Ng3 Bd3 25. Rfd1 Rdd8 26.
Nf1 Rdb8 27. Ba1 Rxa3 28. Nd2 Ra4 29. Bc3 f6 30. Ra1 Rxa1 31. Rxa1 Nb4 32.
e4 Nc2 33. Ra5 Nd4 34. Kh1 Nb3 35. Nxb3 Rxb3 0-1

[Event "FIDE Grand Swiss 2021"]
[Site "Riga"]
[Date "03.11.2021"]
[Round "7"]
[White "Rakotomaharo, Fy Antenaina"]
[Black "Miezis, Normunds"]
[Result "0-1"]
[WhiteElo "2484"]
[BlackElo "2467"]

1. e4 c5 2. Nf3 e6 3. d4 cxd4 4. Nxd4 a6 5. c4 Nf6 6. Nc3 Bb4 7. Nc2 Bxc3+
8. bxc3 Qa5 9. Qd4 Nc6 10. Qe3 O-O 11. Ba3 Rd8 12. Bd6 Ne8 13. Bc5 Qa4 14.
Bd3 d6 15. Bb6 Rd7 16. f4 e5 17. f5 Re7 18. O-O Nf6 19. Qg3 Re8 20. Be3 Kf8
21. Qh4 Qa5 22. g4 h5 23. g5 Ng8 24. Qxh5 f6 25. Rf3 Nd8 26. Nb4 Nf7 27.
Nd5 Bd7 28. Rg3 Bc6 29. Bb6 Qa3 30. Nc7 fxg5 31. Ne6+ Ke7 32. Nxg5 Rf8 33.
c5 Nf6 34. Qe2 Qxc3 35. Rd1 Nxg5 36. Rxg5 d5 37. Rxg7+ Rf7 38. Rg3 Qd4+ 39.
Kf1 Nxe4 40. Bxe4 Qxe4 41. Qxe4 dxe4 42. Rg5 Raf8 43. Kg2 Rxf5 44. Rxf5
Rxf5 45. Kg3 e3 46. Re1 Rf3+ 47. Kg4 e4 48. h4 Kf6 49. Bd8+ Ke5 50. h5 Bd7+
51. Kg5 Rg3+ 52. Kh6 Rg8 53. Bh4 Bf5 54. Rxe3 Kf4 55. Re1 Rh8+ 56. Kg7 Rxh5
57. Rf1+ Ke3 58. Be7 Bd7 59. Rb1 Bc6 60. Kg6 Rd5 61. Bg5+ Kf3 62. Rb3+ Kg4
63. Be7 Rd3 64. Rb4 Ra3 65. Kf6 Rxa2 66. Bd6 Kf3 0-1

[Event "FIDE Grand Swiss 2021"]
[Site "Riga"]
[Date "04.11.2021"]
[Round "8"]
[White "Vachier-Lagrave, Maxime"]
[Black "Shirov, Alexei"]
[Result "1/2-1/2"]
[WhiteElo "2763"]
[BlackElo "2659"]

1. e4 e5 2. Nf3 Nc6 3. Bb5 a6 4. Ba4 Nf6 5. O-O b5 6. Bb3 Bc5 7. a4 Rb8 8.
c3 d6 9. d4 Bb6 10. a5 Ba7 11. h3 Bb7 12. Be3 Nxe4 13. Nbd2 exd4 14. cxd4
Nxd2 15. Qxd2 O-O 16. Rfe1 Qd7 17. d5 Bxe3 18. Qxe3 Ne5 19. Nxe5 dxe5 20.
Qxe5 Rbd8 21. Rac1 Rfe8 22. Qd4 Rxe1+ 23. Rxe1 Qd6 24. Qe3 h6 25. Rd1 Bc8
26. Rc1 Bd7 27. Qg3 Qxg3 28. fxg3 Rc8 29. Rf1 Kf8 30. d6 f6 31. Rd1 cxd6
32. Rxd6 Rc1+ 33. Kf2 Bc6 34. Re6 b4 35. Ke3 Bb5 36. Kd4 Ra1 37. Kc5 Rxa5
38. Rb6 Ke7 39. Rb7+ Bd7+ 40. Kxb4 Re5 41. Ba4 Re4+ 42. Kb3 Rxa4 43. Rxd7+
Kxd7 44. Kxa4 Kc6 45. Ka5 Kb7 46. g4 Ka7 47. h4 Kb7 48. h5 1/2-1/2

[Event "FIDE Grand Swiss 2021"]
[Site "Riga"]
[Date "04.11.2021"]
[Round "8"]
[White "Grandelius, Nils"]
[Black "Caruana, Fabiano"]
[Result "0-1"]
[WhiteElo "2662"]
[BlackElo "2800"]

1. e4 c5 2. Nf3 Nc6 3. Bb5 e6 4. O-O Nge7 5. Re1 Ng6 6. c3 a6 7. Bf1 Be7 8.
d4 cxd4 9. cxd4 d5 10. exd5 exd5 11. Nc3 O-O 12. Be3 Be6 13. Na4 Bb4 14.
Bd2 Qd6 15. Bxb4 Qxb4 16. h3 Rae8 17. Nc5 Bc8 18. Rxe8 Rxe8 19. Qb3 Qxb3
20. Nxb3 f6 21. Rc1 Nge7 22. a3 Kf7 23. Bd3 h6 24. Kf1 g5 25. Ng1 h5 26.
Ne2 h4 27. Nc3 f5 28. Ne2 Kf6 29. Nd2 Nd8 30. Rc3 Bd7 31. Nb3 Ne6 32. Nc5
Nxc5 33. Rxc5 Ke6 34. Rc3 Kd6 35. Rb3 b5 36. Rc3 Nc6 37. b4 f4 38. Bg6 Ra8
39. Ke1 a5 40. bxa5 Nxa5 41. Ng1 Nc4 42. Nf3 Nxa3 43. Nxg5 Nc4 44. Nf7+ Ke7
45. Ne5 b4 46. Rb3 Ra1+ 47. Ke2 Ra2+ 48. Ke1 Ra1+ 49. Ke2 Ba4 50. Rxb4 Bd1+
51. Ke1 Bc2+ 52. Ke2 Bd1+ 53. Ke1 Nxe5 54. Rb1 f3 55. gxf3 Nxg6 56. Rxa1
Bxf3 57. Kd2 Be4 58. Ke3 Bf5 59. Rh1 Kf6 60. Rh2 Nh8 61. f3 Ng6 62. Rh1 Be6
63. Rh2 Ne7 64. Kf4 Nf5 65. Rd2 Bd7 66. Rd1 Ng3 67. Rd2 Nh5+ 68. Ke3 Kg5
0-1

[Event "FIDE Grand Swiss 2021"]
[Site "Riga"]
[Date "04.11.2021"]
[Round "8"]
[White "Vitiugov, Nikita"]
[Black "Ponkratov, Pavel"]
[Result "1-0"]
[WhiteElo "2727"]
[BlackElo "2659"]

1. c4 e5 2. g3 Nf6 3. Bg2 d5 4. cxd5 Nxd5 5. Nf3 Nc6 6. O-O f5 7. Nc3 Nxc3
8. bxc3 Bd6 9. d4 e4 10. Ng5 h6 11. Nh3 O-O 12. f3 exf3 13. Bxf3 Na5 14. c4
Be6 15. d5 Bf7 16. Qd3 c6 17. Bd2 Rc8 18. Rac1 cxd5 19. cxd5 Kh8 20. Rxc8
Qxc8 21. Rc1 Qd8 22. Nf4 b5 23. Qxf5 Bxf4 24. Qxf4 Bxd5 25. Bxa5 Qe8 26.
Qd4 1-0

[Event "FIDE Grand Swiss 2021"]
[Site "Riga"]
[Date "04.11.2021"]
[Round "8"]
[White "Howell, David W L"]
[Black "Esipenko, Andrey"]
[Result "1-0"]
[WhiteElo "2658"]
[BlackElo "2720"]

1. Nf3 d5 2. g3 b6 3. Bg2 Bb7 4. b3 Nf6 5. Bb2 e6 6. c4 Bd6 7. cxd5 exd5 8.
O-O O-O 9. Nc3 a6 10. Rc1 Re8 11. e3 Nbd7 12. d4 Qe7 13. Rc2 b5 14. a4 b4
15. Ne2 a5 16. Nf4 Ne4 17. Ne5 Nb6 18. Nc6 Qf6 19. Ne5 Qe7 20. Nc6 Qf8 21.
Qg4 Bc8 22. Qf3 f6 23. Rfc1 Bd7 24. Qh5 g6 25. Qd1 Qf7 26. Bf1 Bxf4 27.
exf4 Re6 28. f3 Nd6 29. Re2 Rxe2 30. Qxe2 Re8 31. Qc2 Ndc4 32. Na7 Ra8 33.
Nb5 Nxb2 34. Qxb2 c6 35. Nc7 Rc8 36. Na6 Bf5 37. Nc5 Re8 38. Qd2 Qe7 39.
Kf2 Kf7 40. h4 Bc8 41. Bd3 Kg7 42. f5 gxf5 43. Bf1 Qd6 44. Nd3 Bd7 45. Nf4
Qe7 46. Bd3 Nc8 47. Nh5+ Kg6 48. g4 Qd6 49. Kg2 Rg8 50. Kh1 h6 51. Re1 Ne7
52. Qe3 Re8 53. Rg1 Rg8 54. Rg2 Kh7 55. Re2 Nc8 56. Kg2 Qf8 57. Ng3 Nd6 58.
Qf4 Kg7 59. Kf1 fxg4 60. Nh5+ Kh8 61. Re7 Bf5 62. Bxf5 Nxf5 63. Re6 1-0

[Event "FIDE Grand Swiss 2021"]
[Site "Riga"]
[Date "04.11.2021"]
[Round "8"]
[White "Najer, Evgeniy"]
[Black "Harikrishna, Pentala"]
[Result "1/2-1/2"]
[WhiteElo "2654"]
[BlackElo "2719"]

1. d4 d5 2. c4 c6 3. Nf3 Nf6 4. Nc3 e6 5. e3 Nbd7 6. Qc2 Bd6 7. b3 O-O 8.
Be2 e5 9. cxd5 cxd5 10. Nb5 Bb4+ 11. Bd2 Bxd2+ 12. Nxd2 a6 13. dxe5 Nxe5
14. Nd4 Bg4 15. Bxg4 Nfxg4 16. O-O Rc8 17. Qf5 Re8 18. h3 Nf6 19. Rac1 Nc6
20. N2f3 Qd6 21. Qb1 Ne4 22. Qb2 Qf6 23. Qa3 Qe7 24. Qxe7 Nxe7 25. Ne5 Nc5
26. Rfd1 f6 27. Nef3 Kf7 28. Kf1 Ne6 29. Ke2 Rxc1 30. Rxc1 Rc8 31. Rxc8
Nxc8 32. Nxe6 Kxe6 33. Nd4+ Kd7 34. Kd3 g6 35. g4 Nd6 36. h4 a5 37. Ne2 Nf7
38. f4 Kd6 39. Ng3 Nh6 40. g5 fxg5 41. hxg5 Nf5 42. Nxf5+ 1/2-1/2

[Event "FIDE Grand Swiss 2021"]
[Site "Riga"]
[Date "04.11.2021"]
[Round "8"]
[White "Dubov, Daniil"]
[Black "Oparin, Grigoriy"]
[Result "0-1"]
[WhiteElo "2714"]
[BlackElo "2654"]

1. Nf3 Nf6 2. d4 d5 3. c4 e6 4. Nc3 Nbd7 5. g3 Be7 6. Bg2 O-O 7. Ne5 c6 8.
O-O Nxe5 9. dxe5 Nd7 10. cxd5 cxd5 11. e4 dxe4 12. Bxe4 Nxe5 13. Qe2 Nc6
14. Be3 Nd4 15. Bxd4 Qxd4 16. Rfd1 Qb6 17. Rac1 g6 18. h4 Qa5 19. Bf3 Rb8
20. h5 Bg5 21. Rc2 Bf6 22. Ne4 Bg7 23. Qe3 b6 24. h6 Bh8 25. Rc7 Qe5 26.
Nd6 Qxe3 27. fxe3 Bxb2 28. Rxa7 Bf6 29. Ne4 Be5 30. Nd6 Bf6 31. Kf2 b5 32.
Bc6 Be5 33. Nxb5 Rb6 34. Rc1 Ba6 35. a4 Rd8 36. a5 Rxc6 37. Rxc6 Bxb5 38.
Rc5 Bb8 39. Rb7 Ba6 40. Rb6 Ba7 41. Rc7 Bxb6 42. axb6 Rb8 0-1

[Event "FIDE Grand Swiss 2021"]
[Site "Riga"]
[Date "04.11.2021"]
[Round "8"]
[White "Fedoseev, Vladimir"]
[Black "Anton Guijarro, David"]
[Result "0-1"]
[WhiteElo "2704"]
[BlackElo "2658"]

1. e4 e5 2. Nf3 Nc6 3. Bb5 a6 4. Ba4 Nf6 5. O-O Be7 6. d3 b5 7. Bb3 d6 8.
a3 Na5 9. Ba2 c5 10. Nc3 Be6 11. Nh4 c4 12. Nf5 Bxf5 13. exf5 d5 14. Bg5
O-O 15. Qf3 e4 16. dxe4 dxe4 17. Qh3 Re8 18. Rad1 Qc7 19. a4 Qc6 20. axb5
axb5 21. Bb1 Nb7 22. Ne2 Nc5 23. Rd4 h6 24. Be3 Nd5 25. Rfd1 Rad8 26. Nf4
Nxe3 27. Qxe3 Rxd4 28. Rxd4 Bg5 29. g3 Nd3 30. cxd3 exd3 31. Qc1 Qb6 32.
Rd5 Bxf4 33. gxf4 Re2 34. Qf1 Rxb2 35. Bxd3 cxd3 36. Rxd3 Rc2 37. h3 Rc5
38. Qd1 Rxf5 39. Rd6 Qc7 40. Qd2 Qc4 41. Rd4 Qc6 42. Qd3 Qg6+ 43. Kh1 Kh7
44. Kh2 Rc5 45. Qxg6+ Kxg6 46. Rd7 Kf6 47. Rb7 Rf5 48. Kg3 Ke6 49. Kg4 g6
50. h4 h5+ 51. Kf3 Kd6 52. Ke3 Kc5 53. Re7 Kc4 54. Re4+ Kc3 55. Ke2 b4 56.
Kd1 Rd5+ 57. Kc1 b3 58. Re1 Rd2 59. f5 gxf5 60. f4 Rf2 61. Re3+ Kc4 62. Re7
Rxf4 63. Rxf7 Rf1+ 64. Kb2 Rf2+ 65. Kb1 f4 66. Rc7+ Kd3 67. Rb7 b2 0-1

[Event "FIDE Grand Swiss 2021"]
[Site "Riga"]
[Date "04.11.2021"]
[Round "8"]
[White "Sarana, Alexey"]
[Black "Yu, Yangyi"]
[Result "1/2-1/2"]
[WhiteElo "2649"]
[BlackElo "2704"]

1. d4 Nf6 2. c4 e6 3. Nf3 d5 4. Nc3 Bb4 5. cxd5 exd5 6. Bg5 h6 7. Bh4 Bf5
8. e3 Nbd7 9. Qb3 Ba5 10. Be2 c6 11. O-O Qb6 12. Nd2 O-O 13. Rfc1 Rfe8 14.
Bg3 Re6 15. a3 Qxb3 16. Nxb3 Bd8 17. Nd2 a5 18. Bd1 Re8 19. Bd6 Re6 20. Bg3
Be7 21. h3 Bf8 22. Bb3 Ree8 23. a4 Bb4 24. Bc2 Bxc2 25. Rxc2 Nf8 26. Nb3
Ne6 27. Na2 Be7 28. Nac1 Ne4 29. Bh2 h5 30. g4 Bd6 31. Nd3 g5 32. Bxd6 Nxd6
33. Nbc5 Kg7 34. Kg2 Nxc5 35. Nxc5 Rh8 36. b4 hxg4 37. hxg4 axb4 38. Rb1
Rh4 39. Kf3 Rh3+ 40. Ke2 Rh4 41. Kf3 Rh3+ 1/2-1/2

[Event "FIDE Grand Swiss 2021"]
[Site "Riga"]
[Date "04.11.2021"]
[Round "8"]
[White "Maghsoodloo, Parham"]
[Black "Nihal, Sarin"]
[Result "1/2-1/2"]
[WhiteElo "2701"]
[BlackElo "2652"]

1. d4 Nf6 2. c4 e6 3. Nf3 d5 4. Nc3 h6 5. cxd5 exd5 6. Bf4 Bd6 7. Bxd6 Qxd6
8. Qc2 O-O 9. e3 Qe7 10. Bd3 c6 11. O-O Nbd7 12. Rab1 a5 13. Na4 Re8 14. a3
Ne4 15. b4 axb4 16. axb4 b5 17. Nc5 Ndxc5 18. dxc5 Ng5 19. Nd4 Bd7 20. Ra1
Qf6 21. Bf5 Ne6 22. Nb3 Red8 23. h3 Re8 24. Rfd1 Qe7 25. Bg4 Ng5 26. Bxd7
Qxd7 27. Rxa8 Rxa8 28. e4 Re8 29. exd5 Nxh3+ 30. gxh3 Qxh3 31. Nd4 Qg4+ 32.
Kf1 Qh3+ 33. Kg1 Qg4+ 34. Kf1 Qh3+ 35. Kg1 Qg4+ 1/2-1/2

[Event "FIDE Grand Swiss 2021"]
[Site "Riga"]
[Date "04.11.2021"]
[Round "8"]
[White "Sevian, Samuel"]
[Black "Navara, David"]
[Result "1-0"]
[WhiteElo "2654"]
[BlackElo "2691"]

1. d4 Nf6 2. c4 e6 3. Nf3 d5 4. Nc3 Bb4 5. Qa4+ Nc6 6. e3 O-O 7. Bd2 dxc4
8. Bxc4 Bd6 9. Qc2 e5 10. dxe5 Nxe5 11. Nxe5 Bxe5 12. O-O Qe7 13. f4 Bxc3
14. Bxc3 Qxe3+ 15. Kh1 Be6 16. Rf3 Qb6 17. Bd3 Bd5 18. Rg3 h6 19. Be5 Rfe8
20. Bxc7 Qe6 21. Be5 Nh5 22. Re3 f6 23. Bg6 Qg4 24. h3 Qh4 25. Qd1 Red8 26.
Qxh5 Qxh5 27. Bxh5 fxe5 28. fxe5 Be6 29. Bf3 a5 30. a3 Rd2 31. b3 Rad8 32.
b4 axb4 33. axb4 Rb2 34. Bxb7 Rxb4 35. Ra7 Rb3 36. Re1 Rb5 37. Be4 Bf7 38.
Bc6 Rb6 39. Rc7 Be6 40. Be4 Rd7 41. Rc8+ Kf7 42. Rf1+ Ke7 43. Bc6 Bc4 44.
Rf4 Rd1+ 45. Kh2 Bf7 46. Rc7+ Ke6 47. Rfxf7 Rxc6 48. Rfe7+ Kd5 49. Rcd7+
1-0

[Event "FIDE Grand Swiss 2021"]
[Site "Riga"]
[Date "04.11.2021"]
[Round "8"]
[White "Korobov, Anton"]
[Black "Volokitin, Andrei"]
[Result "1-0"]
[WhiteElo "2690"]
[BlackElo "2652"]

1. d4 Nf6 2. Nf3 e6 3. Bf4 b6 4. e3 Bb7 5. h3 d5 6. Bd3 Bd6 7. Nbd2 O-O 8.
O-O Ne4 9. Bxd6 cxd6 10. c4 Nxd2 11. Nxd2 dxc4 12. Nxc4 Qe7 13. Qg4 Nc6 14.
Rfc1 f5 15. Qd1 Rad8 16. a3 f4 17. Nd2 fxe3 18. fxe3 Qg5 19. Qe2 Ne7 20.
Rc7 Bxg2 21. Qxg2 Qxe3+ 22. Kh1 Rf2 23. Nc4 Qxd4 24. Qe4 Nf5 25. Qxd4 Nxd4
26. Rf1 Rdf8 27. Rxf2 Rxf2 28. Nxd6 g6 29. Rc4 e5 30. Rc7 Rxb2 31. Bc4+ Kh8
32. h4 Nf5 33. Nf7+ Kg7 34. Ng5+ Kf8 35. Nxh7+ Ke8 36. Nf6+ Kd8 37. Rd7+
Kc8 38. Ba6+ Kb8 39. Nd5 Rb1+ 40. Kh2 Rb2+ 41. Kg1 Rb1+ 42. Kf2 1-0

[Event "FIDE Grand Swiss 2021"]
[Site "Riga"]
[Date "04.11.2021"]
[Round "8"]
[White "Deac, Bogdan-Daniel"]
[Black "Kryvoruchko, Yuriy"]
[Result "1/2-1/2"]
[WhiteElo "2643"]
[BlackElo "2686"]

1. e4 e5 2. Nf3 Nc6 3. Bb5 Nf6 4. d3 Bc5 5. Nbd2 Nd4 6. Nxd4 Bxd4 7. c3 Bb6
8. d4 c6 9. dxe5 cxb5 10. exf6 Qxf6 11. O-O O-O 12. Nf3 d6 13. Re1 Bg4 14.
Be3 Bxf3 15. Qxf3 Qxf3 16. gxf3 Bxe3 17. Rxe3 f5 18. Rd1 fxe4 19. fxe4 Rf6
20. Red3 Raf8 21. R1d2 Rf4 22. Rxd6 Rxe4 23. Rd7 Rf7 24. Rd8+ Rf8 25. R8d7
Rf7 26. Rd8+ Rf8 27. R8d7 1/2-1/2

[Event "FIDE Grand Swiss 2021"]
[Site "Riga"]
[Date "04.11.2021"]
[Round "8"]
[White "Predke, Alexandr"]
[Black "Tari, Aryan"]
[Result "1-0"]
[WhiteElo "2666"]
[BlackElo "2646"]

1. d4 d5 2. c4 e6 3. Nf3 Nf6 4. g3 dxc4 5. Bg2 c5 6. O-O Nc6 7. dxc5 Qxd1
8. Rxd1 Bxc5 9. Nbd2 c3 10. bxc3 O-O 11. Nb3 Be7 12. c4 Bd7 13. Bb2 Rfc8
14. c5 Be8 15. Nfd2 b6 16. cxb6 axb6 17. Nc4 Rab8 18. Nd6 Bxd6 19. Rxd6 Na5
20. Nxa5 bxa5 21. Be5 Rb4 22. Rad1 h6 23. Bf3 Kh7 24. Rd8 Rbc4 25. a3 Nd5
26. Rxc8 Rxc8 27. Rb1 f6 28. Bd4 Nc3 29. Rb3 Nb5 30. Bb2 Nd6 31. Rd3 Nb5
32. Rd2 a4 33. h4 Rc5 34. Bg4 e5 35. f3 h5 36. Be6 Rc6 37. Bf5+ Bg6 38. Bd7
Rc5 39. Kf2 Nc3 40. Rd6 Nb1 41. Rb6 Nc3 42. Rd6 Nb1 43. Rc6 Rb5 44. Bc1 Rd5
45. Be6 Rd1 46. Rc8 Be8 47. Be3 Bd7 48. Rd8 Bxe6 49. Rxd1 Nxa3 50. Ra1 Nc4
51. Rxa4 Kg6 52. Bc5 f5 53. Ra6 Kf6 54. Ra7 Bf7 55. Ra6+ Be6 56. Bb4 g6 57.
Bc3 Kf7 58. Ra7+ Kf8 59. e4 fxe4 60. fxe4 Bf7 61. Ke2 Ke8 62. Kd3 Be6 63.
Ra6 1-0